Adapting to climate change : (Registro nro. 7326)

Detalles MARC
000 -CABECERA
Campo de control 01005nam a22002537a 4500
005 - FECHA Y HORA DE LA ULTIMA TRANSACCION
Campo de control 20180803165438.0
008 - ELEMENTOS DE LONGITUD FIJA—INFORMACION GENERAL
Campo de control 130625b2009 xxu||||| |||| 00| 0 spa d
020 ## - ISBN
ISBN 9780521764858
041 ## - IDIOMA
Código de idioma para texto/pista de sonido o título separado Inglés
082 ## - NUMERO DE CLASIFICACION DECIMAL DEWEY
Número de clasificación 304.25
Número del ítem A23a
245 00 - MENCION DE TITULO
Título Adapting to climate change :
Parte restante del título thresholds, values, governance /
Mención de responsabilidad editado por W. Neil Adger, Irene Lorenzoni, Karen L. O´Brien
260 ## - PUBLICACION, DISTRIBUCION, ETC. (PIE DE IMPRENTA)
Lugar de publicación, distribución, etc. Cambridge ;
Nombre del editor, distribuidor, etc. New York :
-- Cambridge University Press,
Fecha de publicación, distribución, etc. 2009.
300 ## - DESCRIPCION FISICA
Extensión xv, 514 p. :
Otros detalles físicos il., mapas ;
Dimensiones 25 cm.
504 ## - NOTA DE BIBLIOGRAFIA, ETC.
Nota de bibliografía Incluye referencias bibliográficas e índice.
650 #0 - ASIENTO SECUNDARIO DE MATERIA - TERMINO TEMATICO
Término temático o nombre geográfico como elemento de entrada Cambio climático
Subdivisión general Aspectos sociales
650 #0 - ASIENTO SECUNDARIO DE MATERIA - TERMINO TEMATICO
Término temático o nombre geográfico como elemento de entrada Cambio climático
Subdivisión general Aspectos ambientales
650 #0 - ASIENTO SECUNDARIO DE MATERIA - TERMINO TEMATICO
Término temático o nombre geográfico como elemento de entrada Cambio climático
Subdivisión general Aspectos económicos
650 #0 - ASIENTO SECUNDARIO DE MATERIA - TERMINO TEMATICO
Término temático o nombre geográfico como elemento de entrada Cambio climático
Subdivisión general Efectos en los seres humanos
650 #0 - ASIENTO SECUNDARIO DE MATERIA - TERMINO TEMATICO
Término temático o nombre geográfico como elemento de entrada Política ambiental
700 #1 - ASIENTO SECUNDARIO - NOMBRE PERSONAL
Nombre personal Adger, W. Neil
Término de relación ed.
700 #1 - ASIENTO SECUNDARIO - NOMBRE PERSONAL
Nombre personal Lorenzoni, Irene
Término de relación ed.
700 #1 - ASIENTO SECUNDARIO - NOMBRE PERSONAL
Nombre personal O´Brien, Karen L.
Término de relación ed.
942 ## - ELEMENTOS ADICIONALES (KOHA)
Sistema de clasificación Dewey Decimal Classification
Tipo de ítem Libro
Koha issues (borrowed), all copies 3
Existencias
Withdrawn status Lost status Sistema de Clasificación Damaged status No para préstamo Colección Inventariado Ubicación Permanente Ubicación actual Fecha de adquisición Fuente de Valor Valor Total Checkouts Total Renewals Número topográfico Inventario / Código de Barras Date last seen Date checked out Ejemplar Price effective from Forma de adquisición Tipo de material
    Dewey Decimal Classification     General Inventariado 2017 Bogotá Bogotá 25/06/2013 Instituto 39000.00 4 3 LB-304.25 A23a 028350 17/02/2016 15/02/2016 Ej. 1 25/06/2013 Compra Libro